000
00295nam a22001337a 4500
008
180831b xxu||||| |||| 00| 0 eng d
020
_a
9780881339895
041
_a
eng
080
_a
316
100
_a
50
101
_a
SOC
245
_a
The Power to Communicate
_c
Borisoff, D
942
_2
udc
_c
BK
999
_c
47424
_d
47424